Magnitouprugije datčiki krutjaščego momenta /
Uloženo v:
| Hlavní autor: | |
|---|---|
| Médium: | Kniha |
| Jazyk: | ruština |
| Vydáno: |
Moskva :
Mašinostrojenije,
1981
|
| On-line přístup: |
|
| Tagy: |
Přidat tag
Žádné tagy, Buďte první, kdo vytvoří štítek k tomuto záznamu!
|
MARC
| LEADER | 00000nam a2200000 4500 | ||
|---|---|---|---|
| 003 | SK-BrCVT | ||
| 005 | 20220617210657.0 | ||
| 008 | 030202s1981 rur e ||||||rus d | ||
| 035 | |a CVTIDW0966906 | ||
| 040 | |b slo |a CVTI SR | ||
| 041 | 0 | |a rus | |
| 044 | |a rur | ||
| 080 | |a 531.78 |2 UDC-MRF | ||
| 100 | 1 | |a Rybaľčenko, Jurij Ivanovič | |
| 242 | 1 | 0 | |a Pružné magnetické snímače točivého momentu |
| 245 | 1 | 0 | |a Magnitouprugije datčiki krutjaščego momenta / |c Jurij Ivanovič Rybaľčenko |
| 260 | |a Moskva : |b Mašinostrojenije, |c 1981 | ||
| 300 | |a 127 s. | ||
| 692 | |a DD ZH JM MM | ||
| 910 | |b A404433 | ||
| 974 | |f Knihy | ||
| 992 | |a APP | ||
| 999 | |c 125234 |d 125234 | ||